Finančné aspekty hodnotenia inovačného potenciálu podniku
Inovácie sú významnou konkurenčnou výhodou, pretože umožňujú včas chrániť firmu pred novými hrozbami z vonkajšieho prostredia cestou priebežného vyhľadávania nových príležitostí pre prežitie a rozvoj. Pri tom sa posilňujú adaptačné schopnosti firmy, rozširuje sa horizont rozhodovania, zvyšuje sa rôz...
Guardado en:
| Autor principal: | |
|---|---|
| Formato: | Capítulo de libro |
| Lenguaje: | eslovaco |
| Materias: | |
| Etiquetas: |
Sin Etiquetas, Sea el primero en etiquetar este registro!
|
MARC
| LEADER | 00000nla a2200000 4500 | ||
|---|---|---|---|
| 001 | 0182838 | ||
| 005 | 20220718112403.1 | ||
| 041 | 0 | |a slo | |
| 044 | |a SK | ||
| 245 | 1 | 0 | |a Finančné aspekty hodnotenia inovačného potenciálu podniku |c Irina Bondareva |
| 520 | |a Inovácie sú významnou konkurenčnou výhodou, pretože umožňujú včas chrániť firmu pred novými hrozbami z vonkajšieho prostredia cestou priebežného vyhľadávania nových príležitostí pre prežitie a rozvoj. Pri tom sa posilňujú adaptačné schopnosti firmy, rozširuje sa horizont rozhodovania, zvyšuje sa rôznorodosť a sofistikovanosť produktov a technológií, v dôsledku čoho rastie produktivita práce. Moderná ekonomická teória naznačuje, že inovácie sú zdrojom rozvoja firiem iba za podmienok ich aktívneho a efektívneho použitia. Pre účinnú integráciu nových technológií do hospodárskej činnosti dôležitou úlohou je predbežné hodnotenie inovačného potenciálu firmy, a tiež jeho následná a trvalá analýza. | ||
| 610 | 2 | 0 | |a podnik |
| 610 | 2 | 0 | |a výhody konkurenčné |
| 610 | 2 | 0 | |a inovácia |
| 610 | 2 | 0 | |a zdroje finančné |
| 610 | 2 | 0 | |a stratégia inovačná |
| 100 | 1 | |a Bondareva, Irina | |